000 01280nam a22003617a 4500
001 0008260
003 KOHA_MİRAKIL
005 20260207001627.0
007 ta
008 091009b1984 tu |||gr||||#0|||0|tur |
020 _cTL2,5
040 _aTR-BiSEU
_btur
_cTR-BiSEU
_erda
041 0 _atur
044 _ctu
050 _aDR592.A8
_bA83 1984
245 0 _aAtatürk kaynakçası :
_bdoğumunun 100. yılında yayınlanan gazete makaleleri-şiirler/
_chazırlayan Leman Şenalp.
264 1 _aAnkara :
_bT.C. Atatürk Kültür, Dil ve Tarih Yüksek Kurumu
_c1984
300 _a1.c. (xxxiv, 348 s.), 2. c. (x, 254 s.) ;
_c21 cm.
336 _ametin
_btxt
_2rdacontent
337 _aaracısız
_bn
_2rdamedia
338 _acilt
_bnc
_2rdacarrier
490 1 _aT.C.
490 1 _aAtatürk Kültür, Dil ve Tarih Yüksek Kurumu Türk Tarih Kurumu yayınları ;
_vxxiii.
490 1 _aDizi-sa 8a.
500 _aDizin var.
650 0 _aAtatürk, Mustafa Kemal, 1881-1938--Bibliography.
_920497
650 0 _aAtatürk, Mustafa Kemal, 1881-1938--Kaynakça.
_917355
830 1 _aT.C.
_96297
830 1 _aAtatürk Kültür, Dil ve Tarih Yüksek Kurumu Türk Tarih Kurumu yayınları ;
_vxxiii.
_96368
830 1 _aDizi-sa 8a.
_920498
907 _aTarih
942 _2lcc
_cBK
999 _c8232
_d8232